MARC details
| 000 -LEADER |
| campo de control de longitud fija |
02946cam a2200481Ma 4500 |
| 001 - NÚMERO DE CONTROL |
| campo de control |
86820 |
| 005 - FECHA Y HORA DE LA ÚLTIMA TRANSACCIÓN |
| campo de control |
20230410142342.0 |
| 008 - DATOS DE LONGITUD FIJA--INFORMACIÓN GENERAL |
| campo de control de longitud fija |
830707s1982 fr abk is 001 0 fre d |
| 035 ## - NÚMERO DE CONTROL DEL SISTEMA |
| Número de control de sistema |
(OCoLC)ocn185474609 |
| 040 ## - FUENTE DE CATALOGACIÓN |
| Centro catalogador/agencia de origen |
S3O |
| Lengua de catalogación |
swe |
| Centro/agencia transcriptor |
S3O |
| 020 ## - NÚMERO INTERNACIONAL ESTÁNDAR DEL LIBRO |
| Número Internacional Estándar del Libro |
2713207835 (EHESS) |
| 020 ## - NÚMERO INTERNACIONAL ESTÁNDAR DEL LIBRO |
| Número Internacional Estándar del Libro |
9782713207839 (EHESS) |
| 020 ## - NÚMERO INTERNACIONAL ESTÁNDAR DEL LIBRO |
| Número Internacional Estándar del Libro |
2724604571 (FNSP) |
| 020 ## - NÚMERO INTERNACIONAL ESTÁNDAR DEL LIBRO |
| Número Internacional Estándar del Libro |
9782724604573 (FNSP) |
| 020 ## - NÚMERO INTERNACIONAL ESTÁNDAR DEL LIBRO |
| Número Internacional Estándar del Libro |
222202952X (CNRS) |
| 020 ## - NÚMERO INTERNACIONAL ESTÁNDAR DEL LIBRO |
| Número Internacional Estándar del Libro |
9782222029526 (CNRS) |
| 035 ## - NÚMERO DE CONTROL DEL SISTEMA |
| Número de control de sistema |
(OCoLC)185474609 |
| 082 00 - NÚMERO DE LA CLASIFICACIÓN DECIMAL DEWEY |
| Número de clasificación |
282/.44/0212 |
| 050 14 - SIGNATURA TOPOGRÁFICA DE LA BIBLIOTECA DEL CONGRESO |
| Número de clasificación |
BX 1528 |
| Número de ítem |
B763m 1982 |
| 049 ## - FONDOS LOCALES (OCLC) |
| Biblioteca depositaria |
GRAL |
| 100 1# - ENTRADA PRINCIPAL--NOMBRE DE PERSONA |
| Nombre de persona |
Boulard, Fernand, |
| Fechas asociadas al nombre |
1898 |
| 245 10 - MENCIÓN DEL TÍTULO |
| Título |
Matériaux pour l'histoire religieuse du peuple francais : |
| Resto del título |
XIXe-XXe siaecles, region de Paris Haute- Normandie Pays de Loire Centre / |
| Mención de responsabilidad, etc. |
Fernand Boulard; publies avec la collaboration de Yves-Marie Hilaire ...[et al] ; avant-propos de Francois Furet. |
| 260 ## - PUBLICACIÓN, DISTRIBUCIÓN, ETC. |
| Lugar de publicación, distribución, etc. |
Paris : |
| Nombre del editor, distribuidor, etc. |
Editions de L'Ecole des Hautes Études en Sciences Sociales : |
| -- |
Presses de la Fondation Nationale des Sciences Politiques : |
| -- |
Editions du CNRS, |
| Fecha de publicación, distribución, etc. |
1982. |
| 300 ## - DESCRIPCIÓN FÍSICA |
| Extensión |
635 p.: |
| Otras características físicas |
ill., forms. maps.; |
| Dimensiones |
28cm. |
| 500 ## - NOTA GENERAL |
| Nota general |
"Atlas rèalisé au laboratoire de graphique de l'ecole des Hautes Etudes en Sciences Sociales." |
| 500 ## - NOTA GENERAL |
| Nota general |
Includes indexes |
| 505 0# - NOTA DE CONTENIDO CON FORMATO |
| Nota de contenido con formato |
Lexique des tableaux statistiques-- Decompte des pratiquants-- Interpretation du nombre des communiants-- Les pratiqueants des paroisses annexes sont-ils comptés?-- Fréquentation de la messe dominicale-- Age et sexe-- Classes d'age-- Taux de pratique par sexes: problémes d'evatuation-- L'Enquete Nationale sur le Travail Agricole et Industriel -- Tableau general es enquetesDossiers diocesains: Région de Paris-- Région de Haute-Normandie-- Région Pays de Loire-- Région du Centre-- Matriaux: Région de Paris-- Région Haute-Normandie-- Région Pays de Loire-- Région du Centre-- Atlas: Avertissement--Région de Paris-- Région de Haute-Normandie-- Région Pays de Loire-- Région du Centre. |
| 610 20 - PUNTO DE ACCESO ADICIONAL DE MATERIA--NOMBRE DE ENTIDAD CORPORATIVA |
| Nombre de entidad corporativa o nombre de jurisdicción como elemento de entrada |
Catholic Church |
| Subdivisión geográfica |
France |
| Subdivisión general |
Statistics |
| 610 20 - PUNTO DE ACCESO ADICIONAL DE MATERIA--NOMBRE DE ENTIDAD CORPORATIVA |
| Nombre de entidad corporativa o nombre de jurisdicción como elemento de entrada |
Catholic Church |
| Subdivisión general |
History |
| Subdivisión cronológica |
19th century |
| 610 20 - PUNTO DE ACCESO ADICIONAL DE MATERIA--NOMBRE DE ENTIDAD CORPORATIVA |
| Nombre de entidad corporativa o nombre de jurisdicción como elemento de entrada |
Catholic Church |
| Subdivisión general |
History |
| Subdivisión cronológica |
20th century |
| 651 #0 - PUNTO DE ACCESO ADICIONAL DE MATERIA--NOMBRE GEOGRÁFICO |
| Nombre geográfico |
France |
| Subdivisión general |
Church history |
| 610 20 - PUNTO DE ACCESO ADICIONAL DE MATERIA--NOMBRE DE ENTIDAD CORPORATIVA |
| Nombre de entidad corporativa o nombre de jurisdicción como elemento de entrada |
Iglesia Católica |
| Subdivisión geográfica |
Francia |
| Subdivisión general |
Estadísticas |
| 610 20 - PUNTO DE ACCESO ADICIONAL DE MATERIA--NOMBRE DE ENTIDAD CORPORATIVA |
| Nombre de entidad corporativa o nombre de jurisdicción como elemento de entrada |
Iglesia Católica |
| Subdivisión general |
Historia |
| Subdivisión cronológica |
Siglo XIX |
| 610 20 - PUNTO DE ACCESO ADICIONAL DE MATERIA--NOMBRE DE ENTIDAD CORPORATIVA |
| Nombre de entidad corporativa o nombre de jurisdicción como elemento de entrada |
Iglesia Católica |
| Subdivisión general |
Historia |
| Subdivisión cronológica |
Siglo XX |
| 651 #4 - PUNTO DE ACCESO ADICIONAL DE MATERIA--NOMBRE GEOGRÁFICO |
| Nombre geográfico |
Francia |
| Subdivisión general |
Historia de la Iglesia |
| 700 1# - ENTRADA AGREGADA--NOMBRE PERSONAL |
| Nombre de persona |
Hilaire, Yves-Marie. |
| Relación |
edt |
| 700 1# - ENTRADA AGREGADA--NOMBRE PERSONAL |
| Nombre de persona |
Furet, François |
| 740 0# - ENTRADA AGREGADA--TÍTULO RELACIONADO/ANALÍTICO NO CONTROLADO |
| Título relacionado o analítico no controlado |
Région de Paris, Haute-Normandie, Pays de Loire, Centre. |
| 772 00 - ENLACE A LA PUBLICACIÓN PRINCIPAL |
| Subcampo de control |
p1 |
| Encabezamiento principal |
Boulard, Fernand |
| Título |
Matériaux pour l'histoire religieuse du peuple franðcais : XIXe-XXe siáecles |
| Información calificativa |
Fernand Boulard ; publ. avec la collab. de Yves-Marie Hilaire ... ; atlas réalisé au Laboratoire de graphique de L'Ecole des hautes études en sciences sociales |
| Lugar, editor y fecha de publicación |
Paris : Ed. de L'Ecole des hautes études en sci. soc., 1982- |
| Número de control del registro |
9904699992 |
| 942 ## - ELEMENTOS DE ENTRADA SECUNDARIOS (KOHA) |
| Fuente del sistema de clasificación o colocación |
Clasificación de Library of Congress |
| Tipo de ítem Koha |
|
| 994 ## - |
| -- |
C0 |
| -- |
DRFGD |
| 946 ## - PROCESAMIENTO DE INFORMACIÓN LOCAL (OCLC) |
| a |
rdc |